Biggest Cities in Canada on a Map - Statistics

General Stats
  • This quiz has been taken 793 times
  • The average score is 12 of 15
Answers on the Map
Answers color-coded by a green-red scale on the quiz's map according to % correct below.
 
Answer Stats
Population City % Correct
5,429,524 Toronto
99%
2,264,823 Vancouver
99%
3,519,595 Montréal
97%
1,237,656 Calgary
94%
989,567 Ottawa
94%
1,062,643 Edmonton
93%
705,103 Québec
91%
711,925 Winnipeg
88%
316,701 Halifax
80%
335,696 Victoria
66%
693,645 Hamilton
65%
383,437 London
65%
287,069 Windsor
56%
470,015 Kitchener
39%
308,875 Oshawa
27%
No matching quizzes found
Score Distribution
Percent of People with Each Score
Percentile by Number Answered
Your Score History
You have not taken this quiz